MARC

LEADER 00000nam0a2200000 4500
001 291199
005 20231102000349.0
035 |a (RuTPU)RU\TPU\book\315764 
090 |a 291199 
100 |a 20150413d1983 k y0rusy5003 ca 
101 0 |a rus 
102 |a UA 
105 |a a z 101zy 
200 1 |a Сверхтвердые материалы: синтез, свойства, применение  |e доклады международного семинара, 16-21 июня 1981 г., г. Киев  |f Академия наук Украинской ССР (АН УССР), Институт сверхтвердых материалов (ИСМ) ; под ред. Н. В. Новикова 
210 |a Киев  |c Наукова думка  |d 1983 
215 |a 235 с.  |c ил. 
320 |a Библиогр. в конце докл. 
606 1 |a Инструментальные материалы сверхтвердые  |x Обработка  |2 stltpush  |3 (RuTPU)RU\TPU\subj\12705  |9 39444 
610 1 |a семинары 
610 1 |a синтез 
610 1 |a структура 
610 1 |a свойства 
610 1 |a применение 
610 1 |a сверхтвердые материалы 
610 1 |a детали машин 
610 1 |a обработка 
675 |a 621.921(063)  |z rus  |v 4 
702 1 |a Новиков  |b Н. В.  |g Николай Васильевич  |4 340 
712 1 2 |a Сверхтвердые материалы: синтез, свойства, применение  |c семинар  |e Киев  |f 1981 
712 0 2 |a Академия наук Украинской ССР (АН УССР)  |b Институт сверхтвердых материалов (ИСМ)  |c (Киев)  |2 stltpush  |3 (RuTPU)RU\TPU\col\2641 
801 0 |a RU  |b RuMRKP  |c 19950704  |g psbo 
801 1 |a RU  |b 63413507  |c 20150413 
801 2 |a RU  |b 63413507  |c 20170713  |g RCR 
942 |c BK